01653nam a2200361 a 4500001001000000003000500010005001700015008004100032010001100073011001100084040000900095090001000104100004200114245020700156260004100363500006000404502010900464590004000573590004000613590004000653590004000693590004000733650003700773650004800810650004500858856007000903901000700973942001000980942000600990999001900996952014001015952013601155000111645CHAP20220329144223.0150623s2015 mx a fsm |||||||spa d a108106 a109078 cCHAP aTesis1 aGómez Maldonado, Rosa Iveth912957210aElaboración y validación de una escala diagramática para evaluar severidad de Cenicilla (Podosphaera spp.) en hojas chabacano (Prunus armeniaca L.)h[En línea]cpor Rosa Iveth Gómez Maldonado. aChapingo, Méx. :bEl autor,c2015. aPara ver el contenido del material haga clic en la liga aTesis (Ing. Agr. Esp. en Parasitología Agrícola) -- UACH. Departamento de Parasitología Agrícola aE5995AHEb05c20150623lUCH01h1321 aE5995AHEb05c20150623lUCH01h1321 aE5995AHEb05c20150623lUCH01h1338 aE5995AHEb05c20150623lUCH01h1338 aE5995AHEb05c20150623lUCH01h134014aCenicilla del chabacano.912957314aChabacanoxEnfermedades por hongos.912957414aHongos fitopatógenosxControl.9129457 aFinding aiduhttp://10.13.5.2/tesis/sist111645.pdfzTeclea aquí aBK cTESIS n0 c108106d108106 00102local4053708TESISaBCbBCcPA_TESISd2015-06-23fTESISl0oTesisp33724002503306r2019-12-31 00:00:00tc.2w2019-12-31yTESIS 00104054718TESISaBCbBCd2015-06-23fTESISl0oTesisp33724002503347r2019-12-31 00:00:00w2019-12-31yTESISzRecien adquirido